000 00823cam a2200241 a 4500
001 000014016
005 20200929163434.0
008 980925s1998 ec b 001 0 spa
020 _a9978842373
040 _aDO-SdBNP
_bspa
_cLC
_dBNPHU
082 _a324.6
_bG857e
100 1 _aGrijalva, Agustin.
_931714
245 1 0 _aElecciones y representación política /
_cAgustín Grijalva Jeménez.
260 _aQuito :
_bCorporación Editora Nacional,
_c1998.
300 _a181 p. ;
_c21 cm.
490 1 _aBiblioteca de Ciencias Sociales,
_vv. 48
504 _aReferencias bibliográficas p. [177]-181.
650 4 _aElecciones
_zEcuador.
_931715
650 4 _aGobierno representativo
_zEcuador
_931716
830 0 _aBiblioteca de Ciencias Sociales,
_vv. 48
_918539
910 _aCatalogación por copia / LC
049 _aBNGR
999 _c13620
_d13620